000 01255nam a2200325 i 4500
003 CO-BoRNBP
005 20250211110704.0
007 ta
008 250211s2023 ck a|||| |||| 00| 0 spa d
020 _a9786287672062
040 _aCO-BoRNBP
_bspa
_cCO-BoRNBP
_erda
041 _aspa
_hpor
084 _aC MOR45
100 1 _aMoreyra, Carolina
_eautora
_958269
245 1 0 _aAllá y Aquí/
_cCarolina Moreyra; ilustraciones, Odilon Moraes; traducción, Beatriz Peña Trujillo
250 _aEdición especial
264 1 _aBogotá, Colombia
_bEdiciones Loqueleo
_c2023
300 _a42 páginas sin numerar,
_bilustraciones a color,
_c16 cm
336 _2rdacontent
_atexto
_btxt
337 _2rdamedia
_asin mediación
_bn
338 _2rdacarrier
_avolumen
_bnc
490 _aPlan Nacional de Lectura, Escritura y Oralidad
_pMinisterio de Cultura
521 _aRecomendado para un público infantil a partir de los 6 años
534 _tLá e aquí
650 1 7 _2ARMARC
_aCuentos infantiles brasileños
_vSiglo XXI
_958270
650 1 7 _2ARMARC
_aLiteratura infantil brasileña
_vSiglo XXI
_958271
650 1 7 _2ARMARC
_aHijos de padres divorciados en la literatura
_958272
700 1 _aPeña Trujillo, Beatriz
_etraductora
_958273
942 _2ddc
_cBKINF
999 _c56889
_d56889